| 000 | 00000nas##2200000za#4500 |
| 001 | 9.511750 |
| 003 | CaOODSP |
| 005 | 20200331214929 |
| 007 | ta |
| 008 | 150406c1999||||xxc|| p #||||f| |0eng|d |
| 022 | |a1910-2704 |
| 040 | |aCaOODSP|beng |
| 041 | |aeng |
| 041 | |afre |
| 043 | |an-cn--- |
| 086 | 1 |aHS55 |
| 110 | 1 |aCanada.|bOffice of the Commissioner of Review Tribunals, Canada Pension Plan/Old Age Security. |
| 245 | 10|aCanada Pension Plan/Old Age Security review tribunals - annual report |
| 246 | 3 |aOCRT annual report |
| 260 | |aOttawa - Ontario : |bOffice of the Commissioner of Review Tribunals, Canada Pension Plan/Old Age Security |
| 310 | |aAnnual |
| 362 | 1 |a1998/1999 -- |
| 500 | |aBiennal report 2002-2004. |
| 776 | 0#|tTribunaux de révision du Régime de pensions du Canada et de la Sécurité de la vieillesse, rapport annuel.|w(CaOODSP)9.502205 |
| 776 | 0#|tCanada Pension Plan/Old Age Security review tribunals - annual report |w(CaOODSP)9.505800 |
| 792 | |tTribunaux de révision du Régime de pensions du Canada et de la Sécurité de la vieillesse - rapport annuel |efre|w(CaOODSP)9.511751 |